[Event "4NCL Division 1d"]
[Site "Birmingham, ENG"]
[Date "2016.05.02"]
[Round "11.178"]
[White "Churm, Rohan M"]
[Black "Latham, David"]
[Result "1/2-1/2"]
[WhiteElo "2137"]
[BlackElo "2122"]
[PlyCount "109"]
[EventDate "2016.05.02"]
[WhiteTeam "Cambridge University 1"]
[BlackTeam "Spirit of Atticus A"]

1. e4 c6 2. Nc3 d5 3. Nf3 Bg4 4. h3 Bxf3 5. Qxf3 dxe4 6. Nxe4 Nf6 7. Nxf6+ exf6
8. Be2 Bd6 9. d4 O-O 10. O-O Qc7 11. Be3 Nd7 12. c4 c5 13. dxc5 Bxc5 14. Bxc5
Nxc5 15. b4 Nd7 16. Rfc1 Rfe8 17. c5 Ne5 18. Qc3 f5 19. a4 Ng4 20. Bxg4 fxg4
21. hxg4 Qf4 22. f3 Re3 23. Qb2 Rae8 24. Kf1 h5 25. gxh5 R8e5 26. Qf2 Rxh5 27.
Kg1 Qh6 28. Qd2 Rh1+ 29. Kf2 Rxf3+ 30. Kxf3 Qxd2 31. Rxh1 Qxb4 32. Rhc1 g5 33.
Kf2 Qd4+ 34. Ke2 g4 35. Ra2 Qe4+ 36. Kd1 Qd3+ 37. Rd2 Qb3+ 38. Rcc2 Qxa4 39.
Re2 a5 40. Re7 Qb3 41. Kc1 a4 42. Rb2 Qc4+ 43. Kb1 Qxc5 44. Rexb7 a3 45. Rc2
Qd5 46. Rbc7 Qb3+ 47. Ka1 Kg7 48. R7c3 Qd5 49. Rxa3 Kg6 50. Rac3 f5 51. g3 Qd4
52. Kb1 Kh5 53. Rb3 Qg1+ 54. Ka2 Qa7+ 55. Kb1 1/2-1/2

[Event "4NCL Division 1d"]
[Site "Birmingham, ENG"]
[Date "2016.05.02"]
[Round "11.182"]
[White "Cumming, Rhys"]
[Black "Townsend, M Paul"]
[Result "0-1"]
[WhiteElo "2162"]
[BlackElo "2258"]
[PlyCount "68"]
[EventDate "2016.05.02"]
[WhiteTeam "Sussex Martlets 1"]
[BlackTeam "White Rose 2"]

1. e4 g6 2. d4 Bg7 3. Nc3 d6 4. f4 Nf6 5. Nf3 O-O 6. Bd3 Nc6 7. e5 dxe5 8. fxe5
Nh5 9. Be3 Bg4 10. Be2 f6 11. exf6 Bxf6 12. O-O Ng7 13. Ne4 Nf5 14. Bf2 Bxf3
15. Nxf6+ exf6 16. Bxf3 Nfxd4 17. Be4 f5 18. Bd3 Ne5 19. Re1 Ndc6 20. Bb5 Qf6
21. Qd5+ Rf7 22. Ba4 Rd8 23. Qb5 Rfd7 24. Qxb7 Rd2 25. Be3 R2d6 26. Qb3+ Kg7
27. Qc3 f4 28. Bc5 Rd2 29. Rf1 f3 30. Bxc6 Rxg2+ 31. Kh1 Qf4 32. Bg1 Rdd2 33.
Qxd2 Rxd2 34. Rf2 Nxc6 0-1

[Event "4NCL Division 1d"]
[Site "Birmingham, ENG"]
[Date "2016.05.02"]
[Round "11.183"]
[White "Shaw, Peter"]
[Black "Bucher, Grant W"]
[Result "1/2-1/2"]
[WhiteElo "2138"]
[BlackElo "2121"]
[PlyCount "54"]
[EventDate "2016.05.02"]
[WhiteTeam "White Rose 2"]
[BlackTeam "Sussex Martlets 1"]

1. d4 Nf6 2. c4 g6 3. Nc3 d5 4. cxd5 Nxd5 5. Bd2 Bg7 6. e4 Nb6 7. Be3 Nc6 8. d5
Nb8 9. Bd4 e5 10. Bc5 Bf8 11. Bxf8 Kxf8 12. Nf3 Qe7 13. Rc1 Kg7 14. d6 Qxd6 15.
Qxd6 cxd6 16. Nb5 Nc6 17. Nxd6 Rd8 18. Nxc8 Raxc8 19. Be2 Nd4 20. Rxc8 Nxf3+
21. Bxf3 Rxc8 22. Kd2 Nc4+ 23. Kc3 Na3+ 24. Kd3 Nc2 25. a3 Nd4 26. Bd1 Ne6 27.
g3 Rd8+ 1/2-1/2

[Event "4NCL Division 1d"]
[Site "Birmingham, ENG"]
[Date "2016.05.02"]
[Round "11.184"]
[White "Grant, David J"]
[Black "Sucikova, Svetlana"]
[Result "0-1"]
[WhiteElo "2086"]
[BlackElo "2207"]
[PlyCount "78"]
[EventDate "2016.05.02"]
[WhiteTeam "Sussex Martlets 1"]
[BlackTeam "White Rose 2"]

1. e4 c6 2. d4 d5 3. Nc3 dxe4 4. Nxe4 Bf5 5. Ng3 Bg6 6. h4 h6 7. h5 Bh7 8. Nf3
Nd7 9. Bd3 Bxd3 10. Qxd3 e6 11. Bd2 Ngf6 12. O-O-O Be7 13. Kb1 O-O 14. c4 Qc7
15. Ne4 Rad8 16. Bc3 b5 17. Nxf6+ Nxf6 18. cxb5 cxb5 19. Qxb5 Ne4 20. Be1 Rb8
21. Qe2 Ba3 22. b3 Rfc8 23. Ba5 Qxa5 24. Qxe4 Qc3 25. Qe2 Rxb3+ 26. axb3 Qxb3+
27. Ka1 Rc2 28. Qxc2 Qxc2 29. Rd2 Qc3+ 30. Ka2 Bc1 31. Rxc1 Qxc1 32. Kb3 Qb1+
33. Kc3 Qf5 34. Ra2 a5 35. Ne5 f6 36. Nc6 Qxh5 37. Rxa5 Qe2 38. Ra8+ Kh7 39.
Nd8 Qxf2 0-1

[Event "4NCL Division 1d"]
[Site "Birmingham, ENG"]
[Date "2016.05.02"]
[Round "11.185"]
[White "Gayson, Peter M"]
[Black "Salimbeni, George P W"]
[Result "1-0"]
[WhiteElo "2131"]
[BlackElo "2068"]
[PlyCount "51"]
[EventDate "2016.05.02"]
[WhiteTeam "White Rose 2"]
[BlackTeam "Sussex Martlets 1"]

1. e4 e5 2. Nf3 Nc6 3. d4 exd4 4. Bc4 Nf6 5. O-O Nxe4 6. Re1 d5 7. Bxd5 Qxd5 8.
Nc3 Qh5 9. Nxe4 Be6 10. Bg5 h6 11. Bf6 Qg6 12. Nh4 Qh7 13. Qh5 Be7 14. Bxe7
Kxe7 15. Qc5+ Kd7 16. Qb5 Kc8 17. Nc5 Nd8 18. Rad1 c6 19. Qa4 b6 20. Nxe6 Nxe6
21. Qxc6+ Kb8 22. Qd6+ Kc8 23. Rxd4 Nxd4 24. Re7 Qxc2 25. Qd7+ Kb8 26. Qb7# 1-0

[Event "4NCL Division 1d"]
[Site "Birmingham, ENG"]
[Date "2016.05.02"]
[Round "11.186"]
[White "Graham, David B"]
[Black "Arnott, Jonathan W"]
[Result "1-0"]
[WhiteElo "2127"]
[BlackElo "2151"]
[PlyCount "77"]
[EventDate "2016.05.02"]
[WhiteTeam "Sussex Martlets 1"]
[BlackTeam "White Rose 2"]

1. e4 e6 2. d3 d5 3. Nd2 Nf6 4. Ngf3 b6 5. e5 Nfd7 6. d4 c5 7. c3 Ba6 8. Bxa6
Nxa6 9. O-O cxd4 10. cxd4 Be7 11. Re1 O-O 12. Nf1 Rc8 13. Bd2 Nb4 14. Bc3 f6
15. exf6 Rxf6 16. Ne3 Rg6 17. h4 Qf8 18. h5 Rh6 19. Ng4 Rxh5 20. Rxe6 Nc6 21.
Nge5 Ncxe5 22. Nxe5 Rxe5 23. Rxe5 Nxe5 24. dxe5 Qf7 25. Qg4 Rf8 26. Bd4 Bc5 27.
e6 Qe7 28. Re1 h5 29. Bxc5 Qxc5 30. Qg3 Qb4 31. Qe5 Qc5 32. Re2 d4 33. e7 Re8
34. Qe6+ Kh8 35. Qf7 Qc1+ 36. Kh2 Qc6 37. Re5 g6 38. Re6 h4 39. Rxc6 1-0

[Event "4NCL Division 1d"]
[Site "Birmingham, ENG"]
[Date "2016.05.02"]
[Round "11.187"]
[White "Burnett, Jim"]
[Black "Brewer, Callum D"]
[Result "1-0"]
[WhiteElo "2177"]
[BlackElo "2005"]
[PlyCount "71"]
[EventDate "2016.05.02"]
[WhiteTeam "White Rose 2"]
[BlackTeam "Sussex Martlets 1"]

1. d4 Nf6 2. c4 e6 3. Nf3 Bb4+ 4. Bd2 a5 5. Nc3 b6 6. e3 Bb7 7. Bd3 d6 8. Qe2
Nbd7 9. e4 e5 10. d5 Nc5 11. Bc2 Bc8 12. a3 Bxc3 13. Bxc3 a4 14. O-O Bg4 15.
Qe3 Nh5 16. Nd2 g5 17. f3 Bd7 18. g3 Qe7 19. Rf2 O-O-O 20. b4 Nb7 21. c5 dxc5
22. bxc5 Nxc5 23. Nc4 f6 24. d6 Qe6 25. dxc7 Kxc7 26. Nxb6 Qxb6 27. Bb4 Nb7 28.
Qc3+ Kb8 29. Rb1 Rc8 30. Qd2 Bb5 31. Be7 Rhd8 32. Bxd8 Rxd8 33. Qb4 Nd6 34.
Bxa4 Ka8 35. Bxb5 Nxb5 36. Qa4+ 1-0

[Event "4NCL Division 1d"]
[Site "Birmingham, ENG"]
[Date "2016.05.02"]
[Round "11.188"]
[White "Graham, Cassie M"]
[Black "Lewyk, Ihor"]
[Result "1-0"]
[WhiteElo "1812"]
[BlackElo "2054"]
[PlyCount "65"]
[EventDate "2016.05.02"]
[WhiteTeam "Sussex Martlets 1"]
[BlackTeam "White Rose 2"]

1. e4 d5 2. exd5 Nf6 3. d4 Nxd5 4. Nf3 Bg4 5. c4 Nb6 6. c5 N6d7 7. Be2 g6 8.
O-O Bg7 9. Nc3 O-O 10. Be3 c6 11. h3 Be6 12. Qd2 Nf6 13. Ng5 Bd5 14. h4 h5 15.
Nh3 Na6 16. Nf4 Nc7 17. Rad1 Qe8 18. Nd3 Rd8 19. b3 Ne4 20. Qc1 Kh7 21. Nxe4
Bxe4 22. Ne5 Bxe5 23. dxe5 Rxd1 24. Rxd1 Qc8 25. Rd4 Bf5 26. Qd1 Nd5 27. Bc1
Qc7 28. Bf3 Qxe5 29. Bxd5 cxd5 30. Rxd5 Qe4 31. Qd2 Qxh4 32. Qh6+ Kg8 33. Bg5
1-0